DISCRETE MATHEMATICS (Record no. 2469)

MARC details
000 -LEADER
fixed length control field 00435nam a22001697a 4500
005 - DATE AND TIME OF LATEST TRANSACTION
control field 20240906095353.0
008 - FIXED-LENGTH DATA ELEMENTS--GENERAL INFORMATION
fixed length control field 160613b xxu||||| |||| 00| 0 eng d
020 ## - INTERNATIONAL STANDARD BOOK NUMBER
ISBN 978-1-25906253-7
041 ## - LANGUAGE CODE
Language code of text/sound track or separate title eng
082 ## - DEWEY DECIMAL CLASSIFICATION NUMBER
Item number 612.02
100 ## - MAIN ENTRY--AUTHOR NAME
Personal name LIPSCHUTZ, SEYMOUR AND LIPSON, MARC LARS
245 ## - TITLE STATEMENT
Title DISCRETE MATHEMATICS
260 ## - PUBLICATION, DISTRIBUTION, ETC. (IMPRINT)
Name of publisher Mc Graw Hill
Year of publication 2006
Place of publication NEW DELHI
300 ## - PHYSICAL DESCRIPTION
Number of Pages 15.27;P
650 ## - SUBJECT ADDED ENTRY--TOPICAL TERM
Topical Term MATHEMATICS
942 ## - ADDED ENTRY ELEMENTS (KOHA)
Koha item type Books
Holdings
Lost status Damaged status Collection code Home library Current library Shelving location Date acquired Source of acquisition Cost, normal purchase price Full call number Accession Number Koha item type
    CS/IT JRU Library JRU Library SHELF-6-D 13/06/2016 PURCHASE 500.00 612.02 7106 Books
    CS/IT JRU Library JRU Library SHELF-57-D 13/06/2016 PURCHASE 500.00 612.02 7107 Books
    CS/IT JRU Library JRU Library SHELF-57-D 13/06/2016 PURCHASE 500.00 612.02 7108 Books
    CS/IT JRU Library JRU Library SHELF-57-D 13/06/2016 PURCHASE 500.00 612.02 7109 Books
    CS/IT JRU Library JRU Library SHELF-57-D 13/06/2016 PURCHASE 500.00 612.02 7110 Books